<?xml version="1.0" encoding="UTF-8"?>
<collection xmlns="http://www.loc.gov/MARC21/slim">
 <record>
  <leader>01450nam a2200193Ia 4500</leader>
  <controlfield tag="001">CTU_97313</controlfield>
  <controlfield tag="008">210402s9999    xx            000 0 und d</controlfield>
  <datafield tag="082" ind1=" " ind2=" ">
   <subfield code="a">337.5205</subfield>
  </datafield>
  <datafield tag="082" ind1=" " ind2=" ">
   <subfield code="b">H361</subfield>
  </datafield>
  <datafield tag="100" ind1=" " ind2=" ">
   <subfield code="a">Hatch, Walter</subfield>
  </datafield>
  <datafield tag="245" ind1=" " ind2="0">
   <subfield code="a">Asia in Japan’s embrace :</subfield>
  </datafield>
  <datafield tag="245" ind1=" " ind2="0">
   <subfield code="b">Building a regional production alliance</subfield>
  </datafield>
  <datafield tag="245" ind1=" " ind2="0">
   <subfield code="c">Walter Hatch, Kozo Yamamura</subfield>
  </datafield>
  <datafield tag="260" ind1=" " ind2=" ">
   <subfield code="a">Cambridge</subfield>
  </datafield>
  <datafield tag="260" ind1=" " ind2=" ">
   <subfield code="b">Cambridge University Press</subfield>
  </datafield>
  <datafield tag="260" ind1=" " ind2=" ">
   <subfield code="c">1996</subfield>
  </datafield>
  <datafield tag="520" ind1=" " ind2=" ">
   <subfield code="a">This book is an incisive analysis of Japan's deepening economic presence in Asia. It challenges neoclassical economists, arguing that instead of simply building a 'yen bloc' or responding to market forces, Japanese business and government elites are working together to build an expanded - and potentially exclusive - production zone. The authors suggest that the transplantation of many standard Japanese business practices in Asia is based on the concept of keiretsu (enterprise group) which allows a complex web of production networks to develop. The book shows that such strategic control of technology is a unique model of globalisation. While informed by economic theory, Asia in Japan's Embrace is highly accessible, containing interviews and anecdotal evidence from factory floors and board rooms. It is comprehensive and controversial, outlining policy implications and the impact on global trade...</subfield>
  </datafield>
  <datafield tag="904" ind1=" " ind2=" ">
   <subfield code="i">M.Loan, Trúc</subfield>
  </datafield>
  <datafield tag="980" ind1=" " ind2=" ">
   <subfield code="a">Trung tâm Học liệu Trường Đại học Cần Thơ</subfield>
  </datafield>
 </record>
</collection>
